[Event "Campeonato de Europa 2011 Femenino"]
[Site "Tbilisi GEO"]
[Date "2011.05.11"]
[Round "5.46"]
[White "Olsarova, Tereza"]
[Black "Lauterbach, Ingrid"]
[Result "1/2-1/2"]
[WhiteElo "2234"]
[BlackElo "2100"]
[PlyCount "48"]
[EventDate "2011.05.07"]
[EventType "swiss"]
[EventRounds "11"]
[EventCountry "GEO"]
[Source "lmi"]
[SourceDate "2011.05.07"]

1. e4 c5 2. Nf3 e6 3. b4 b6 4. a3 Bb7 5. e5 Qc7 6. Bb2 Ne7 7. Be2 Ng6 8. b5 Be7
9. O-O O-O 10. Re1 d5 11. d4 cxd4 12. Bxd4 Bc5 13. c3 a6 14. a4 axb5 15. Bxb5
Ba6 16. Bxa6 Rxa6 17. Na3 Bxa3 18. Rxa3 Nd7 19. Qe2 Nc5 20. g3 Nxa4 21. Qb5 Qc4
22. Qxc4 dxc4 23. Bxb6 Rxb6 24. Rxa4 Rc8 1/2-1/2

[Event "Campeonato de Europa 2011 Femenino"]
[Site "Tbilisi GEO"]
[Date "2011.05.11"]
[Round "5.47"]
[White "Umudova, Nargiz"]
[Black "Kuchava, Ana"]
[Result "0-1"]
[WhiteElo "2230"]
[BlackElo "1973"]
[PlyCount "110"]
[EventDate "2011.05.07"]
[EventType "swiss"]
[EventRounds "11"]
[EventCountry "GEO"]
[Source "lmi"]
[SourceDate "2011.05.07"]

1. e4 c5 2. Nf3 d6 3. d4 cxd4 4. Nxd4 Nf6 5. Nc3 Nc6 6. Be2 g6 7. O-O Bg7 8.
Nb3 O-O 9. f4 b5 10. Bf3 Qb6+ 11. Kh1 Bb7 12. Re1 a6 13. e5 Ne8 14. Nd5 Qd8 15.
exd6 exd6 16. a4 Nc7 17. Ne7+ Nxe7 18. Bxb7 Rb8 19. Bf3 b4 20. Rb1 Re8 21. Be3
Ne6 22. Ba7 Rc8 23. Bg4 Qc7 24. Rxe6 fxe6 25. Bxe6+ Kh8 26. Bxc8 Rxc8 27. Bd4
Qxc2 28. Bxg7+ Kxg7 29. Nd4 Qe4 30. Qe1 Qxe1+ 31. Rxe1 Nf5 32. Nf3 Rc4 33. g3
b3 34. g4 Rxf4 35. gxf5 Rxf3 36. Re7+ Kf6 37. Re6+ Kxf5 38. Rxd6 Rf2 39. Rxa6
Rxb2 40. Rb6 Ke4 41. a5 Kd3 42. a6 Kc3 43. Rc6+ Kd3 44. Rb6 Kc2 45. Rc6+ Kd3
46. Rb6 Kc4 47. Rc6+ Kb5 48. a7 Ra2 49. Rc3 Kb4 50. Rc7 b2 51. Rb7+ Kc3 52.
Rc7+ Kb3 53. Rb7+ Kc2 54. Rc7+ Kb1 55. Rxh7 Ka1 0-1

[Event "Campeonato de Europa 2011 Femenino"]
[Site "Tbilisi GEO"]
[Date "2011.05.11"]
[Round "5.48"]
[White "Makka, Ioulia"]
[Black "Fakhiridou, Ekaterini"]
[Result "1-0"]
[WhiteElo "2101"]
[BlackElo "2225"]
[PlyCount "133"]
[EventDate "2011.05.07"]
[EventType "swiss"]
[EventRounds "11"]
[EventCountry "GEO"]
[Source "lmi"]
[SourceDate "2011.05.07"]

1. e4 c5 2. Nf3 Nf6 3. Nc3 d5 4. exd5 Nxd5 5. Bb5+ Bd7 6. Bxd7+ Qxd7 7. Nxd5
Qxd5 8. O-O Nc6 9. b3 O-O-O 10. d3 f6 11. Be3 e5 12. Nd2 Nd4 13. Bxd4 Qxd4 14.
Nc4 Kb8 15. Qe1 Bd6 16. Kh1 Bc7 17. Qe4 g6 18. a4 Rhe8 19. Qxd4 exd4 20. Rae1
Kc8 21. f3 Kd7 22. Nd2 f5 23. Nc4 h5 24. g3 b6 25. Kg2 a6 26. f4 b5 27. Rxe8
Rxe8 28. axb5 axb5 29. Nd2 Ra8 30. Nf3 b4 31. Rf2 Ke6 32. Re2+ Kf6 33. Ng5 Ra6
34. Re8 Rc6 35. Rf8+ Ke7 36. Ra8 Bd8 37. Ra7+ Kf8 38. Ra8 Ke7 39. Nf3 Bc7 40.
Ra7 Kf6 41. Kf2 Bd6 42. Rh7 Rc7 43. Rh8 Rc6 44. Ng5 Rc7 45. Rd8 Be7 46. Ra8 Rc6
47. Ra7 Rc8 48. Nf3 Bd6 49. Ra6 Ke7 50. Ng5 h4 51. Ra7+ Rc7 52. Ra8 hxg3+ 53.
hxg3 Kf6 54. Ra6 Ke7 55. Nf3 Rc8 56. Nh4 Rg8 57. Ra7+ Ke6 58. Nf3 Be7 59. Ra6+
Kd5 60. Ne5 g5 61. Nc4 gxf4 62. gxf4 Bh4+ 63. Kf1 Be7 64. Rh6 Rb8 65. Kf2 Bf8
66. Nb6+ Rxb6 67. Rxb6 1-0

[Event "Campeonato de Europa 2011 Femenino"]
[Site "Tbilisi GEO"]
[Date "2011.05.11"]
[Round "5.49"]
[White "Yildiz, Betul Cemre"]
[Black "Rizhamadze, Patman"]
[Result "1-0"]
[WhiteElo "2219"]
[BlackElo "2052"]
[PlyCount "57"]
[EventDate "2011.05.07"]
[EventType "swiss"]
[EventRounds "11"]
[EventCountry "GEO"]
[Source "lmi"]
[SourceDate "2011.05.07"]

1. e4 c5 2. Nf3 d6 3. d4 cxd4 4. Nxd4 Nf6 5. f3 e5 6. Nb3 d5 7. Bg5 Be6 8. Bxf6
gxf6 9. exd5 Qxd5 10. Qxd5 Bxd5 11. Nc3 Be6 12. Nb5 Kd8 13. O-O-O+ Nd7 14. Na5
Kc8 15. Bc4 b6 16. Bxe6 fxe6 17. Nc4 Bh6+ 18. Kb1 Rf8 19. Rd6 a6 20. Rc6+ Kd8
21. Nba3 b5 22. Na5 Ke7 23. Rd1 Rfc8 24. Rcd6 Nb8 25. Rb6 Rc7 26. Rdd6 Be3 27.
Rxe6+ Kf7 28. Rxf6+ Kg7 29. Rbe6 1-0

[Event "Campeonato de Europa 2011 Femenino"]
[Site "Tbilisi GEO"]
[Date "2011.05.11"]
[Round "5.50"]
[White "Abdulla, Khayala Mardan qizi"]
[Black "Guliyeva, Sabina Ilqar qizi"]
[Result "1-0"]
[WhiteElo "2168"]
[BlackElo "2040"]
[PlyCount "66"]
[EventDate "2011.05.07"]
[EventType "swiss"]
[EventRounds "11"]
[EventCountry "GEO"]
[Source "lmi"]
[SourceDate "2011.05.07"]

1. e4 c5 2. Nf3 Nc6 3. d4 cxd4 4. Nxd4 Nf6 5. Nc3 e5 6. Ndb5 d6 7. Nd5 Nxd5 8.
exd5 Nb8 9. c4 a6 10. Nc3 Be7 11. Be2 O-O 12. O-O f5 13. f4 Nd7 14. Kh1 Bf6 15.
Be3 g5 16. fxe5 Nxe5 17. c5 f4 18. Bd4 Bf5 19. Rc1 Rf7 20. b4 Rc8 21. cxd6 Qxd6
22. Bc5 Qd8 23. Na4 Nd7 24. Bh5 Rg7 25. Bg4 Bxg4 26. Qxg4 b5 27. Qe6+ Rf7 28.
Nb6 Nxb6 29. Bxb6 Rxc1 30. Rxc1 Qd7 31. Rc8+ Kg7 32. Bc5 Qxe6 33. dxe6 Rb7 1-0

[Event "Campeonato de Europa 2011 Femenino"]
[Site "Tbilisi GEO"]
[Date "2011.05.11"]
[Round "5.51"]
[White "Mammadova, Aysel Alishiraz Qiz"]
[Black "Khazhomia, Salome"]
[Result "1-0"]
[WhiteElo "1964"]
[BlackElo "2152"]
[PlyCount "45"]
[EventDate "2011.05.07"]
[EventType "swiss"]
[EventRounds "11"]
[EventCountry "GEO"]
[Source "lmi"]
[SourceDate "2011.05.07"]

1. e4 c6 2. d4 d5 3. Nc3 dxe4 4. Nxe4 Nd7 5. Nf3 Ndf6 6. Nxf6+ Nxf6 7. Be2 Bg4
8. Be3 e6 9. h3 Bh5 10. Ne5 Bxe2 11. Qxe2 Bd6 12. O-O Qc7 13. Nc4 O-O 14. Nxd6
Qxd6 15. Rfd1 Nd5 16. Bd2 b5 17. c4 bxc4 18. Qxc4 Rab8 19. b3 Rfd8 20. Rac1
Rbc8 21. Qa6 Qe7 22. Rc5 Re8 23. Rdc1 1-0

[Event "Campeonato de Europa 2011 Femenino"]
[Site "Tbilisi GEO"]
[Date "2011.05.11"]
[Round "5.52"]
[White "Kakutia, Ada"]
[Black "Cherednichenko, Elena"]
[Result "0-1"]
[WhiteElo "1727"]
[BlackElo "2147"]
[PlyCount "84"]
[EventDate "2011.05.07"]
[EventType "swiss"]
[EventRounds "11"]
[EventCountry "GEO"]
[Source "lmi"]
[SourceDate "2011.05.07"]

1. e4 e5 2. Nf3 Nc6 3. Bc4 Bc5 4. c3 Nf6 5. d3 a6 6. Bb3 Ba7 7. O-O O-O 8. Re1
d6 9. h3 h6 10. Nbd2 Nh5 11. Nf1 Qf6 12. Be3 Nf4 13. Ng3 g5 14. Nh2 Qg6 15. Bc2
Kh8 16. d4 Ne7 17. Qf3 f6 18. Rac1 Qh7 19. d5 Neg6 20. Bxf4 Nxf4 21. Nh5 Nxh5
22. Qxh5 f5 23. exf5 Bxf5 24. Bxf5 Rxf5 25. Ng4 Raf8 26. Re2 Kg7 27. Rf1 Rf4
28. g3 Rf3 29. Kg2 Qg6 30. Qxg6+ Kxg6 31. Rxe5 Rxf2+ 32. Rxf2 Rxf2+ 33. Nxf2
dxe5 34. Ng4 e4 35. Ne5+ Kf5 36. Nf7 h5 37. Nd8 b5 38. Nc6 Bb6 39. b3 e3 40.
Kf3 g4+ 41. hxg4+ hxg4+ 42. Ke2 Ke4 0-1

[Event "Campeonato de Europa 2011 Femenino"]
[Site "Tbilisi GEO"]
[Date "2011.05.11"]
[Round "5.53"]
[White "Girya, Olga"]
[Black "Unapkoshvili, Nani"]
[Result "1/2-1/2"]
[WhiteElo "2394"]
[BlackElo "1970"]
[PlyCount "54"]
[EventDate "2011.05.07"]
[EventType "swiss"]
[EventRounds "11"]
[EventCountry "GEO"]
[Source "lmi"]
[SourceDate "2011.05.07"]

1. e4 c6 2. d4 d5 3. exd5 cxd5 4. Bd3 Nc6 5. c3 Nf6 6. Bf4 g6 7. Nf3 Bf5 8.
Bxf5 gxf5 9. O-O e6 10. Qb3 Qd7 11. Ne5 Nxe5 12. Bxe5 Be7 13. Nd2 Rg8 14. a4
Ne4 15. Qd1 Bd6 16. Nb3 Bxe5 17. dxe5 Qe7 18. f3 Nc5 19. Nd4 a6 20. Qe2 f4 21.
a5 Qg5 22. Rf2 Ke7 23. b4 Nd7 24. b5 Qxe5 25. Qd2 Kf6 26. Re1 Qd6 27. Ne2 e5
1/2-1/2

[Event "Campeonato de Europa 2011 Femenino"]
[Site "Tbilisi GEO"]
[Date "2011.05.11"]
[Round "5.54"]
[White "Ghukasyan, Siranush"]
[Black "Szczepkowska-Horowska, Karina"]
[Result "0-1"]
[WhiteElo "1766"]
[BlackElo "2336"]
[PlyCount "48"]
[EventDate "2011.05.07"]
[EventType "swiss"]
[EventRounds "11"]
[EventCountry "GEO"]
[Source "lmi"]
[SourceDate "2011.05.07"]

1. e4 e5 2. Nf3 Nc6 3. Bb5 a6 4. Ba4 Nf6 5. O-O Be7 6. Re1 b5 7. Bb3 O-O 8. c3
d5 9. exd5 Nxd5 10. Nxe5 Nxe5 11. Rxe5 c6 12. d4 Bd6 13. Re1 Qh4 14. g3 Qh3 15.
Qf3 Bg4 16. Qg2 Qh5 17. Bxd5 cxd5 18. Be3 Bf3 19. Qf1 f5 20. a4 f4 21. Bxf4
Bxf4 22. axb5 a5 23. Qd3 Rf6 24. h4 Qg4 0-1

[Event "Campeonato de Europa 2011 Femenino"]
[Site "Tbilisi GEO"]
[Date "2011.05.11"]
[Round "5.56"]
[White "Trapaidze, Lizi"]
[Black "Novkovic, Julia"]
[Result "1/2-1/2"]
[WhiteElo "1744"]
[BlackElo "2120"]
[PlyCount "63"]
[EventDate "2011.05.07"]
[EventType "swiss"]
[EventRounds "11"]
[EventCountry "GEO"]
[Source "lmi"]
[SourceDate "2011.05.07"]

1. e4 e6 2. d4 c5 3. Nf3 cxd4 4. Nxd4 Nf6 5. Bd3 Nc6 6. Nxc6 bxc6 7. c4 d5 8.
exd5 cxd5 9. O-O Be7 10. cxd5 Nxd5 11. Qa4+ Bd7 12. Bb5 Bxb5 13. Qxb5+ Qd7 14.
Qxd7+ Kxd7 15. Rd1 Kc6 16. Nd2 Rhd8 17. Nf3 Bf6 18. g4 g6 19. Rb1 Nb4 20. Rxd8
Rxd8 21. Be3 Rd5 22. a3 Nd3 23. b4 a6 24. Kf1 Bb2 25. a4 h5 26. gxh5 gxh5 27.
Ne1 Nxe1 28. Rxb2 Nd3 29. Rb3 e5 30. Ke2 e4 31. Rc3+ Kd6 32. Rb3 1/2-1/2

[Event "Campeonato de Europa 2011 Femenino"]
[Site "Tbilisi GEO"]
[Date "2011.05.11"]
[Round "5.57"]
[White "Khalafova, Narmin Ilgar qizi"]
[Black "Shamatava, Ana"]
[Result "1-0"]
[WhiteElo "2065"]
[BlackElo "1917"]
[PlyCount "71"]
[EventDate "2011.05.07"]
[EventType "swiss"]
[EventRounds "11"]
[EventCountry "GEO"]
[Source "lmi"]
[SourceDate "2011.05.07"]

1. e4 c5 2. Nf3 Nc6 3. d4 cxd4 4. Nxd4 e5 5. Nb5 d6 6. N1c3 a6 7. Na3 b5 8. Nd5
Nce7 9. c4 Nxd5 10. exd5 bxc4 11. Nxc4 Nf6 12. Be3 Be7 13. Be2 O-O 14. a4 Bb7
15. Nb6 Rb8 16. O-O Nd7 17. a5 Nxb6 18. axb6 Ra8 19. Qd2 f5 20. f3 Qd7 21. Ra5
Bh4 22. Kh1 f4 23. Bg1 Qf5 24. Bd3 Qh5 25. Rfa1 e4 26. Bxe4 Rf6 27. Bd4 Bg3 28.
h3 Rh6 29. Kg1 Bc8 30. Kf1 Qg5 31. Bg1 Bd7 32. Qb4 Re8 33. b7 Bb5+ 34. Rxb5
axb5 35. Ra8 Qe5 36. Qxb5 1-0

[Event "Campeonato de Europa 2011 Femenino"]
[Site "Tbilisi GEO"]
[Date "2011.05.11"]
[Round "5.60"]
[White "Boyard, Marie"]
[Black "Choladze, Mariam"]
[Result "1/2-1/2"]
[WhiteElo "1989"]
[BlackElo "1818"]
[PlyCount "70"]
[EventDate "2011.05.07"]
[EventType "swiss"]
[EventRounds "11"]
[EventCountry "GEO"]
[Source "lmi"]
[SourceDate "2011.05.07"]

1. e4 c5 2. Nf3 d6 3. c3 Nf6 4. h3 Nc6 5. Bd3 g6 6. O-O Bg7 7. Bc2 O-O 8. d4
Nd7 9. Re1 Qc7 10. d5 Nce5 11. Nbd2 b5 12. Nxe5 Nxe5 13. f4 Nd7 14. Qg4 c4 15.
Nf3 b4 16. Qh4 bxc3 17. bxc3 Nc5 18. Be3 Rb8 19. Reb1 Bd7 20. Bd4 Ba4 21. Bxa4
Nxa4 22. Bxg7 Kxg7 23. Rxb8 Rxb8 24. Ng5 h6 25. Nxf7 Kxf7 26. Qxh6 Qc5+ 27. Kh1
Qc7 28. f5 gxf5 29. Qe6+ Kf8 30. Qh6+ Kf7 31. Qh7+ Kf6 32. Qh6+ Ke5 33. Qe6+
Kf4 34. Qxf5+ Ke3 35. Qg5+ Kxe4 1/2-1/2

[Event "Campeonato de Europa 2011 Femenino"]
[Site "Tbilisi GEO"]
[Date "2011.05.11"]
[Round "5.61"]
[White "Mumladze, Maia"]
[Black "Kobeshavidze, Lika"]
[Result "1-0"]
[WhiteElo "1517"]
[BlackElo "1988"]
[PlyCount "38"]
[EventDate "2011.05.07"]
[EventType "swiss"]
[EventRounds "11"]
[EventCountry "GEO"]
[Source "lmi"]
[SourceDate "2011.05.07"]

1. d4 d5 2. Nf3 Nf6 3. Bf4 e6 4. Nbd2 c5 5. e3 Nc6 6. c3 Bd6 7. Ne5 O-O 8. h3
Bxe5 9. dxe5 Nd7 10. Nf3 Ne7 11. Bd3 Ng6 12. Bxg6 hxg6 13. h4 c4 14. h5 gxh5
15. Rxh5 Nc5 16. Kf1 Nd3 17. Ng5 g6 18. Rh6 Qb6 19. a3 d4 1-0

[Event "Campeonato de Europa 2011 Femenino"]
[Site "Tbilisi GEO"]
[Date "2011.05.11"]
[Round "5.62"]
[White "Martirosyan, Lia"]
[Black "Asgarova, Turan Nizami qizi"]
[Result "0-1"]
[WhiteElo "2093"]
[BlackElo "1957"]
[PlyCount "50"]
[EventDate "2011.05.07"]
[EventType "swiss"]
[EventRounds "11"]
[EventCountry "GEO"]
[Source "lmi"]
[SourceDate "2011.05.07"]

1. d4 Nf6 2. Nf3 g6 3. Bg5 Bg7 4. Nbd2 d5 5. e3 Nbd7 6. Be2 O-O 7. O-O h6 8.
Bh4 b6 9. c4 dxc4 10. Bxc4 Bb7 11. Qc2 g5 12. Bg3 c5 13. Rfd1 Rc8 14. Qb3 cxd4
15. Nxd4 Nc5 16. Qa3 e6 17. b4 Nce4 18. Nxe4 Nxe4 19. Nxe6 Qf6 20. Nxf8 Nxg3
21. Ba6 Rc2 22. Rf1 Nxf1 23. Rxf1 Bxa6 24. Nd7 Qd6 25. Qxa6 Qxd7 0-1

[Event "Campeonato de Europa 2011 Femenino"]
[Site "Tbilisi GEO"]
[Date "2011.05.11"]
[Round "5.64"]
[White "Tedoshvili, Ana"]
[Black "Soyunlu, Narmin Asat qizi"]
[Result "1-0"]
[WhiteElo "1469"]
[BlackElo "1884"]
[PlyCount "67"]
[EventDate "2011.05.07"]
[EventType "swiss"]
[EventRounds "11"]
[EventCountry "GEO"]
[Source "lmi"]
[SourceDate "2011.05.07"]

1. d4 e6 2. c4 Nf6 3. a3 b6 4. Bf4 Bb7 5. e3 Be7 6. Nc3 O-O 7. Nf3 d5 8. Bd3 a6
9. O-O Nbd7 10. cxd5 exd5 11. Rc1 h6 12. Ne2 c5 13. Ng3 c4 14. Bb1 b5 15. Nf5
Nb6 16. N3h4 Kh8 17. Nxe7 Qxe7 18. Nf5 Qd8 19. Be5 Nbd7 20. Qc2 Nxe5 21. dxe5
Ne4 22. f3 Nc5 23. Nd6 g6 24. Qc3 Kh7 25. Rcd1 Bc6 26. Qd4 Ne6 27. Qg4 Qd7 28.
f4 Nc5 29. f5 Nd3 30. Bxd3 cxd3 31. Rxd3 g5 32. Qh5 Qe7 33. f6 Qe6 34. Nf5 1-0

[Event "Campeonato de Europa 2011 Femenino"]
[Site "Tbilisi GEO"]
[Date "2011.05.11"]
[Round "5.65"]
[White "Javakhishvili, Mariam"]
[Black "Jalaghonia, Nino"]
[Result "1-0"]
[WhiteElo "1491"]
[BlackElo "1562"]
[PlyCount "61"]
[EventDate "2011.05.07"]
[EventType "swiss"]
[EventRounds "11"]
[EventCountry "GEO"]
[Source "lmi"]
[SourceDate "2011.05.07"]

1. e4 c5 2. Nf3 Nc6 3. d4 cxd4 4. Nxd4 e5 5. Nb5 d6 6. N1c3 a6 7. Na3 Be6 8.
Nd5 Nf6 9. Bg5 Bxd5 10. exd5 Qa5+ 11. c3 Qxd5 12. Qe2 Be7 13. Rd1 Qe6 14. g3
Qf5 15. Bxf6 Qxf6 16. Bg2 O-O 17. O-O Rfd8 18. Bd5 Qf5 19. f4 Bf6 20. Nc4 Qg6
21. Be4 Qh6 22. Nxd6 exf4 23. Nf5 Qh3 24. Rxf4 Rxd1+ 25. Qxd1 Rd8 26. Qe2 g6
27. Bg2 Qh5 28. Bf3 Qxf5 29. Rxf5 gxf5 30. Bxc6 bxc6 31. Qxa6 1-0

[Event "Campeonato de Europa 2011 Femenino"]
[Site "Tbilisi GEO"]
[Date "2011.05.12"]
[Round "6.1"]
[White "Stefanova, Antoaneta"]
[Black "Cmilyte, Viktorija"]
[Result "1-0"]
[WhiteElo "2506"]
[BlackElo "2504"]
[PlyCount "89"]
[EventDate "2011.05.07"]
[EventType "swiss"]
[EventRounds "11"]
[EventCountry "GEO"]
[Source "lmi"]
[SourceDate "2011.05.07"]

1. d4 Nf6 2. c4 g6 3. Nc3 d5 4. Nf3 Bg7 5. Bg5 Ne4 6. Bh4 Nxc3 7. bxc3 dxc4 8.
Qa4+ c6 9. Qxc4 Qa5 10. e3 Be6 11. Qb4 Qxb4 12. cxb4 Bd5 13. Bd3 Nd7 14. e4 Be6
15. h3 a5 16. bxa5 Rxa5 17. O-O h6 18. Rab1 g5 19. Bg3 Ra7 20. a4 O-O 21. Rfd1
g4 22. hxg4 Bxg4 23. Bc2 Rc8 24. Bf4 b6 25. Kh2 Ra5 26. Kg3 Bh5 27. Bd2 Raa8
28. Be3 Bg6 29. Nh4 Bh7 30. f3 e6 31. Kh3 b5 32. axb5 cxb5 33. Bd3 Rc3 34. Bg1
Nf6 35. Kh2 Nh5 36. Rxb5 Nf4 37. Bf1 Ra2 38. Rb8+ Bf8 39. d5 exd5 40. exd5 Bc2
41. Rd4 Ra4 42. d6 Rxd4 43. Bxd4 Rb3 44. Rc8 Ne6 45. d7 1-0

[Event "Campeonato de Europa 2011 Femenino"]
[Site "Tbilisi GEO"]
[Date "2011.05.12"]
[Round "6.3"]
[White "Paikidze, Nazi"]
[Black "Khotenashvili, Bela"]
[Result "0-1"]
[WhiteElo "2408"]
[BlackElo "2470"]
[PlyCount "122"]
[EventDate "2011.05.07"]
[EventType "swiss"]
[EventRounds "11"]
[EventCountry "GEO"]
[Source "lmi"]
[SourceDate "2011.05.07"]

1. d4 d5 2. c4 e6 3. Nf3 Nf6 4. Nc3 Bb4 5. Bg5 h6 6. Bxf6 Qxf6 7. e3 O-O 8. Be2
dxc4 9. Bxc4 c5 10. O-O cxd4 11. Ne4 Qe7 12. Nxd4 a6 13. Qh5 b5 14. Bd3 f5 15.
Ng3 Bb7 16. Rac1 Bd6 17. Rfd1 Be5 18. Nxe6 Qxe6 19. Bxf5 Qf6 20. f4 Bxb2 21.
Rc7 Ra7 22. Rc2 Ba3 23. Rd3 Bb4 24. Qg4 Bc6 25. Be6+ Kh8 26. Nh5 Qe7 27. f5 Bd6
28. Qd4 Bc7 29. Rcd2 Be8 30. Nf4 Nc6 31. Qe4 Bxf4 32. Qxf4 Bf7 33. Bxf7 Qxf7
34. e4 Na5 35. Rd8 Kh7 36. e5 Rxd8 37. Rxd8 Qxa2 38. f6 Qb1+ 39. Kf2 Rc7 40.
fxg7 Rxg7 41. Rd6 Qc2+ 42. Ke1 Qc3+ 43. Kf2 Qc5+ 44. Kf3 Qc8 45. g4 Nc4 46.
Rxh6+ Kg8 47. g5 Qc5 48. e6 Ne5+ 49. Ke4 Ng6 50. Qf6 Ne7 51. h4 Qd5+ 52. Kf4
Qd2+ 53. Kg3 b4 54. Qf1 Rxg5+ 55. hxg5 Qxg5+ 56. Kf3 Qxh6 57. Qxa6 Qd2 58. Qb6
Kg7 59. Qa6 b3 60. Qa3 Qd3+ 61. Kf2 Kf6 0-1

[Event "Campeonato de Europa 2011 Femenino"]
[Site "Tbilisi GEO"]
[Date "2011.05.12"]
[Round "6.4"]
[White "Cramling, Pia"]
[Black "Bodnaruk, Anastasia"]
[Result "1-0"]
[WhiteElo "2468"]
[BlackElo "2419"]
[PlyCount "121"]
[EventDate "2011.05.07"]
[EventType "swiss"]
[EventRounds "11"]
[EventCountry "GEO"]
[Source "lmi"]
[SourceDate "2011.05.07"]

1. Nf3 Nf6 2. c4 g6 3. b3 Bg7 4. Bb2 O-O 5. g3 d6 6. d4 Nc6 7. d5 Na5 8. Bg2 c5
9. O-O a6 10. Nbd2 b5 11. Re1 Rb8 12. Bc3 e5 13. dxe6 fxe6 14. Qc2 Nc6 15. Rad1
e5 16. Qc1 Bh6 17. e3 Qe7 18. h3 Be6 19. Nh2 Nb4 20. Bxb4 cxb4 21. Qc2 Rfc8 22.
Qd3 Rc5 23. Ng4 Nxg4 24. hxg4 Bxg4 25. Ne4 Rc7 26. Rd2 bxc4 27. bxc4 Bf8 28.
Nxd6 Be6 29. c5 Rxc5 30. Qxa6 Rd8 31. Red1 Rd7 32. Bf3 Rdc7 33. Qb6 Rc1 34.
Rxc1 Rxc1+ 35. Kg2 Bxa2 36. Qxb4 Be6 37. Qb2 Rc5 38. Ne4 Rc4 39. Qb6 Rb4 40.
Qa5 Rb1 41. Nc3 Rb8 42. Bd5 Bxd5+ 43. Qxd5+ Kh8 44. Ne4 Bg7 45. Qc6 Rd8 46. Rb2
Rf8 47. Rb7 Qd8 48. Qe6 Qe8 49. Ng5 h6 50. Nf7+ Kh7 51. Qd5 Qa8 52. Qd7 Rg8 53.
Ng5+ Kh8 54. Nf7+ Kh7 55. Ng5+ Kh8 56. Ne6 h5 57. e4 Qa2 58. Nxg7 Qe2 59. Ne6
Qxe4+ 60. Kh2 g5 61. Qf7 1-0

[Event "Campeonato de Europa 2011 Femenino"]
[Site "Tbilisi GEO"]
[Date "2011.05.12"]
[Round "6.5"]
[White "Romanko, Marina"]
[Black "Ushenina, Anna"]
[Result "1-0"]
[WhiteElo "2387"]
[BlackElo "2468"]
[PlyCount "163"]
[EventDate "2011.05.07"]
[EventType "swiss"]
[EventRounds "11"]
[EventCountry "GEO"]
[Source "lmi"]
[SourceDate "2011.05.07"]

1. d4 Nf6 2. c4 g6 3. Nf3 Bg7 4. g3 O-O 5. Bg2 c6 6. Nc3 d5 7. cxd5 cxd5 8. Ne5
Qb6 9. O-O e6 10. Na4 Qb5 11. Bf4 Nfd7 12. Rc1 Nc6 13. Nxc6 bxc6 14. Bd6 Re8
15. b3 e5 16. dxe5 Nxe5 17. Re1 Bf5 18. Bc5 h5 19. h3 Qb7 20. Be3 Qc8 21. h4
Qe6 22. Qd2 Kh7 23. Nc5 Qe7 24. Bg5 Qf8 25. Na6 Rac8 26. Bf4 Qa3 27. Nc5 Bf8
28. Be3 Nd7 29. Nxd7 Bxd7 30. Bd4 Bf5 31. Ba1 Bh6 32. e3 a5 33. Bc3 Ra8 34. Bd4
Qd6 35. Qc3 Bd7 36. a4 f5 37. Ra1 Bf8 38. Rec1 Qb8 39. Rab1 Qb7 40. Qd2 Bd6 41.
Bc3 Qa7 42. b4 axb4 43. Bxb4 Be5 44. a5 Rec8 45. Bc3 Bxc3 46. Qxc3 Rf8 47. Ra1
Rf7 48. a6 Be8 49. Bf1 Rc7 50. Ra5 Re7 51. Rb1 Rd8 52. Qb4 Kg8 53. Qc3 Rc7 54.
Qa1 Bf7 55. Qf6 Rdc8 56. Ra2 c5 57. Rb6 c4 58. Qd4 Kh7 59. Rab2 Be8 60. Rb7
Qxa6 61. Qxd5 Bf7 62. Rxc7 Rxc7 63. Qe5 Qc8 64. Rc2 Rc5 65. Qf6 Rc7 66. Rc3 Qd7
67. Qe5 Qc8 68. Be2 Rb7 69. e4 fxe4 70. Qxe4 Rb3 71. Rc2 Qc5 72. Qf4 Bd5 73.
Rc1 c3 74. Bd3 Rb7 75. Qe5 Kg8 76. Rxc3 Qa5 77. Rc8+ Kf7 78. Qe8+ Kf6 79. Qxg6+
Ke7 80. Qg5+ Kd7 81. Bf5+ Kd6 82. Qf6+ 1-0

[Event "Campeonato de Europa 2011 Femenino"]
[Site "Tbilisi GEO"]
[Date "2011.05.12"]
[Round "6.6"]
[White "Galojan, Lilit"]
[Black "Javakhishvili, Lela"]
[Result "0-1"]
[WhiteElo "2377"]
[BlackElo "2454"]
[PlyCount "120"]
[EventDate "2011.05.07"]
[EventType "swiss"]
[EventRounds "11"]
[EventCountry "GEO"]
[Source "lmi"]
[SourceDate "2011.05.07"]

1. d4 g6 2. c4 Bg7 3. Nc3 c5 4. d5 d6 5. e4 e6 6. Bd3 Ne7 7. h3 Nd7 8. Nf3 O-O
9. O-O h6 10. dxe6 fxe6 11. Nb5 Ne5 12. Nxe5 dxe5 13. Be3 a6 14. Nc3 b6 15. Qd2
g5 16. h4 gxh4 17. Bxh6 Ng6 18. g3 Ra7 19. Rad1 Bxh6 20. Qxh6 Rg7 21. Be2 Qe7
22. Qe3 hxg3 23. fxg3 Nf4 24. Rf3 Qh4 25. Bf1 Qh6 26. Kf2 Qh1 27. Rd2 Rgf7 28.
gxf4 exf4 29. Qd3 Rg7 30. Ke1 e5 31. Rdf2 Bg4 32. Nd5 b5 33. Kd2 bxc4 34. Qc3
Bxf3 35. Qxf3 Qxf3 36. Rxf3 Rg3 37. Rf2 Rb8 38. Kc2 Kg7 39. Bxc4 a5 40. b3 Rh8
41. Ne7 Kf6 42. Nc6 Rgh3 43. a4 Rh2 44. Rxh2 Rxh2+ 45. Kd3 Rh3+ 46. Kd2 Rh2+
47. Kd3 Rh3+ 48. Ke2 Re3+ 49. Kf2 Rxe4 50. Nxa5 Rd4 51. Nb7 e4 52. Nxc5 Ke5 53.
a5 Rd2+ 54. Ke1 e3 55. a6 f3 56. b4 Rh2 57. a7 Rh1+ 58. Bf1 e2 59. Nd3+ Kd4 60.
a8=Q exf1=Q+ 0-1

[Event "Campeonato de Europa 2011 Femenino"]
[Site "Tbilisi GEO"]
[Date "2011.05.12"]
[Round "6.7"]
[White "Kosintseva, Tatiana"]
[Black "Gaponenko, Inna"]
[Result "1-0"]
[WhiteElo "2559"]
[BlackElo "2455"]
[PlyCount "47"]
[EventDate "2011.05.07"]
[EventType "swiss"]
[EventRounds "11"]
[EventCountry "GEO"]
[Source "lmi"]
[SourceDate "2011.05.07"]

1. e4 c5 2. Nf3 Nc6 3. d4 cxd4 4. Nxd4 g6 5. Nc3 Bg7 6. Be3 Nf6 7. Bc4 O-O 8.
Bb3 d6 9. f3 Bd7 10. h4 h5 11. Qd2 Rc8 12. O-O-O Na5 13. g4 hxg4 14. h5 Nxh5
15. fxg4 Bxg4 16. Rdg1 e5 17. Rxg4 exd4 18. Bxd4 Nxb3+ 19. axb3 Qa5 20. Bxg7
Kxg7 21. Rg5 Qa1+ 22. Nb1 Rh8 23. Ra5 Nf4 24. Rxh8 1-0

[Event "Campeonato de Europa 2011 Femenino"]
[Site "Tbilisi GEO"]
[Date "2011.05.12"]
[Round "6.9"]
[White "Muzychuk, Anna"]
[Black "Khukhashvili, Sopiko"]
[Result "1-0"]
[WhiteElo "2537"]
[BlackElo "2421"]
[PlyCount "63"]
[EventDate "2011.05.07"]
[EventType "swiss"]
[EventRounds "11"]
[EventCountry "GEO"]
[Source "lmi"]
[SourceDate "2011.05.07"]

1. e4 e6 2. d4 d5 3. Nc3 dxe4 4. Nxe4 Nd7 5. Nf3 Be7 6. Bd3 Ngf6 7. c4 c5 8.
dxc5 Nxc5 9. Nxc5 Bxc5 10. O-O O-O 11. Bg5 Be7 12. Qe2 Qc7 13. Rfd1 b6 14. Ne5
Bb7 15. Rd2 Rad8 16. Rad1 Ba8 17. a3 Qb7 18. f3 Qc7 19. Kh1 Nh5 20. Bxh7+ Kxh7
21. Rd7 Rxd7 22. Rxd7 Qc8 23. Bxe7 Re8 24. Bh4 Nf4 25. Qd2 Ng6 26. Nxg6 fxg6
27. Bf6 Rg8 28. Qf4 Qc5 29. Be5 Qf2 30. Rd1 Rd8 31. Bd4 g5 32. Qe5 1-0